| 000 | 00871cam a22002413a 4500 | ||
|---|---|---|---|
| 001 | 3888 | ||
| 003 | PGUSA | ||
| 005 | 20140828083039.0 | ||
| 008 | 041204s2004||||xxu|||||s|||||000 | eng d | ||
| 040 |
_aPGUSA _beng |
||
| 042 | _adc | ||
| 050 | 4 | _aDC | |
| 100 | 1 |
_aCampan, Mme _q(Jeanne-Louise-Henriette), _d1752-1822 |
|
| 245 | 1 | 0 |
_aMemoirs of the Court of Marie Antoinette, Queen of France, Volume 5 : _bBeing the Historic Memoirs of Madam Campan, First Lady in Waiting to the Queen _h[electronic resource] / _cMme Campan |
| 260 |
_bProject Gutenberg, _c2004 |
||
| 506 | _aPublic domain in the USA. | ||
| 516 | _aElectronic text | ||
| 653 | _aMarie Antoinette, Queen, consort of Louis XVI, King of France, 1755-1793 | ||
| 653 | _aFrance -- Court and courtiers | ||
| 830 | 0 |
_aProject Gutenberg _v3888 |
|
| 856 | 4 | 0 | _uhttp://www.gutenberg.org/ebooks/3888 |
| 942 | _cEB | ||
| 999 |
_c233217 _d233217 |
||